[Event "NOR-chT 1314"]
[Site "Norway"]
[Date "2013.11.02"]
[Round "2.5"]
[White "Trygstad, Kristian J"]
[Black "Christiansen, Johan Sebastian"]
[Result "1/2-1/2"]
[WhiteElo "2222"]
[BlackElo "2218"]
[PlyCount "42"]
[EventDate "2013.11.01"]
[EventType "team-tourn"]
[EventRounds "9"]
[EventCountry "NOR"]
[SourceTitle "EXT 2014"]
[Source "ChessBase"]
[SourceDate "2013.11.20"]
[SourceVersion "1"]
[SourceVersionDate "2013.11.20"]
[SourceQuality "1"]
[WhiteTeam "OSS"]
[BlackTeam "Valerenga"]
[WhiteTeamCountry "NOR"]
[BlackTeamCountry "NOR"]

1. e4 c5 2. Nc3 Nc6 3. Bb5 Nd4 4. Bc4 e6 5. Nge2 Nf6 6. 0-0 a6 7. d3 b5 8. Bb3 Nxb3 9. axb3 Bb7 10. f4 d5 11. e5 d4 12. exf6 dxc3 13. f5 Qxf6 14. fxe6 cxb2 15. exf7+ Kd8 16. Bxb2 Qxb2 17. c3 Kc7 18. Rb1 Qa2 19. Ra1 Qb2 20. Rb1 Qa2 21. Ra1 Qb2 1/2-1/2

[Event "EU-Cup 29th"]
[Site "Rhodes"]
[Date "2013.10.20"]
[Round "1.5"]
[White "Giri, Anish"]
[Black "Trygstad, Kristian J"]
[Result "1-0"]
[WhiteElo "2749"]
[BlackElo "2216"]
[PlyCount "87"]
[EventDate "2013.10.20"]
[EventType "team-swiss"]
[EventRounds "7"]
[EventCountry "GRE"]
[SourceTitle "CBM 157"]
[Source "ChessBase"]
[SourceDate "2013.11.12"]
[SourceVersion "1"]
[SourceVersionDate "2013.11.12"]
[SourceQuality "1"]
[WhiteTeam "SOCAR"]
[BlackTeam "Oslo"]
[WhiteTeamCountry "AZE"]
[BlackTeamCountry "NOR"]

1. d4 Nf6 2. g3 g6 3. Bg2 Bg7 4. Nf3 0-0 5. 0-0 d6 6. b3 c5 7. c4 Nc6 8. Bb2 Ne4 9. e3 Bg4 10. Qc1 Bxf3 11. Bxf3 Ng5 12. Bxc6 bxc6 13. dxc5 Bxb2 14. Qxb2 dxc5 15. Nc3 f6 16. h4 Ne6 17. Qc2 Qc7 18. Kg2 Rad8 19. Qe4 Kf7 20. Rfd1 Rxd1 21. Rxd1 Rd8 22. Rxd8 Nxd8 23. g4 Qd6 24. Qc2 Qd7 25. Qe2 h6 26. Ne4 Ne6 27. f4 Kg8 28. Kf1 f5 29. gxf5 gxf5 30. Nf2 Ng7 31. Nd3 Qd6 32. Ne5 Qf6 33. Qf2 Qd6 34. Ke2 Qc7 35. Qe1 Kh7 36. Qd2 Qb6 37. Kf3 Qb8 38. Kf2 Qf8 39. Kf1 Qf6 40. Qf2 Ne8 41. Qg2 Nd6 42. h5 a6 43. Ke2 a5 44. Kd3 1-0

[Event "NOR-chT"]
[Site "Fagernes"]
[Date "2013.09.29"]
[Round "6.4"]
[White "Zachariassen, Bjarne"]
[Black "Trygstad, Kristian J"]
[Result "1/2-1/2"]
[WhiteElo "1957"]
[BlackElo "2216"]
[PlyCount "71"]
[EventDate "2013.09.27"]
[EventType "team-swiss"]
[EventRounds "6"]
[EventCountry "NOR"]
[SourceTitle "CBM 156 Extra"]
[Source "ChessBase"]
[SourceDate "2013.10.22"]
[SourceVersion "1"]
[SourceVersionDate "2013.10.22"]
[SourceQuality "1"]
[WhiteTeam "SOSS"]
[BlackTeam "OSS"]
[WhiteTeamCountry "NOR"]
[BlackTeamCountry "NOR"]

1. e4 g6 2. d4 Bg7 3. Nc3 d6 4. g3 Nf6 5. Bg2 0-0 6. Nge2 Nc6 7. 0-0 e5 8. h3 exd4 9. Nxd4 Bd7 10. Bg5 h6 11. Be3 Re8 12. Qd2 Kh7 13. Rae1 a5 14. f4 Ra6 15. b3 Nxd4 16. Bxd4 Bc6 17. Nd5 Bxd5 18. exd5 Ra8 19. a4 b6 20. Kh2 Qd7 21. Bxf6 Bxf6 22. Rxe8 Rxe8 23. Re1 Rxe1 24. Qxe1 Kg7 25. c4 Qe7 26. Qxe7 Bxe7 27. Be4 Bf6 28. Kg2 Bc3 29. Kf3 Kf6 30. Bc2 Be1 31. Bd3 Bd2 32. Ke4 Be1 33. Kf3 Bd2 34. Ke4 Be1 35. Kf3 Bd2 36. Ke4 1/2-1/2

[Event "NOR-chT"]
[Site "Fagernes"]
[Date "2013.09.28"]
[Round "3.4"]
[White "Hanssen, Johnny"]
[Black "Trygstad, Kristian J"]
[Result "0-1"]
[WhiteElo "1896"]
[BlackElo "2216"]
[PlyCount "70"]
[EventDate "2013.09.27"]
[EventType "team-swiss"]
[EventRounds "6"]
[EventCountry "NOR"]
[SourceTitle "CBM 156 Extra"]
[Source "ChessBase"]
[SourceDate "2013.10.22"]
[SourceVersion "1"]
[SourceVersionDate "2013.10.22"]
[SourceQuality "1"]
[WhiteTeam "Trondheim"]
[BlackTeam "OSS"]
[WhiteTeamCountry "NOR"]
[BlackTeamCountry "NOR"]

1. e4 g6 2. d4 Bg7 3. Nc3 d6 4. Be3 a6 5. a4 Nd7 6. Nf3 Ngf6 7. h3 0-0 8. Qd2 e5 9. dxe5 dxe5 10. Bg5 c6 11. Bc4 Qc7 12. 0-0 Nc5 13. Qe3 Ne6 14. Bxe6 Bxe6 15. a5 Nh5 16. Qc5 f6 17. Be3 Rf7 18. Qb4 Bf8 19. Qb6 Qc8 20. Kh2 g5 21. Rad1 g4 22. Nh4 gxh3 23. g3 Ng7 24. Rd2 f5 25. Rfd1 Be7 26. Bc5 Qf8 27. Bd6 f4 28. Bxe7 Qxe7 29. Rd8+ Rf8 30. Rxa8 Rxa8 31. Ne2 fxg3+ 32. fxg3 Bg4 33. Qb3+ Kh8 34. Qe3 Rf8 35. Qh6 Qe6 0-1

[Event "NOR-chT 1213"]
[Site "Norway"]
[Date "2013.04.06"]
[Round "8"]
[White "Trygstad, Kristian J"]
[Black "Briseid, Hakon"]
[Result "1-0"]
[WhiteElo "2243"]
[BlackElo "2143"]
[PlyCount "73"]
[EventDate "2012.11.02"]
[EventType "team-tourn"]
[EventRounds "9"]
[EventCountry "NOR"]
[SourceTitle "EXT 2014"]
[Source "ChessBase"]
[SourceDate "2013.11.20"]
[SourceVersion "1"]
[SourceVersionDate "2013.11.20"]
[SourceQuality "1"]
[WhiteTeam "OSS"]
[BlackTeam "Akademisk"]
[WhiteTeamCountry "NOR"]
[BlackTeamCountry "NOR"]

1. e4 e5 2. Nf3 Nc6 3. Bc4 Nf6 4. d3 Be7 5. 0-0 0-0 6. a4 d6 7. a5 a6 8. Re1 b5 9. axb6 cxb6 10. h3 Na5 11. Ba2 Be6 12. Nc3 Bxa2 13. Rxa2 Nc6 14. d4 h6 15. Be3 b5 16. d5 Nb4 17. Ra1 Qc7 18. Rc1 Rfb8 19. Nh4 Kh7 20. Nf5 Bf8 21. Qd2 a5 22. f4 Nd7 23. Rf1 g6 24. Ng3 Bg7 25. f5 g5 26. Nh5 f6 27. h4 Qd8 28. Qe2 Na6 29. Nxb5 Ndc5 30. hxg5 hxg5 31. Bxg5 fxg5 32. Nxg7 Kxg7 33. f6+ Kf8 34. Qh5 Rb7 35. Qh8+ Kf7 36. Qg7+ Ke8 37. f7+ 1-0

[Event "NOR-chT 1112"]
[Site "Norway"]
[Date "2012.03.25"]
[Round "9"]
[White "Lahlum, Hans Olav"]
[Black "Trygstad, Kristian J"]
[Result "0-1"]
[WhiteElo "2202"]
[BlackElo "2298"]
[PlyCount "40"]
[EventDate "2011.11.04"]
[EventType "team-tourn"]
[EventRounds "9"]
[EventCountry "NOR"]
[SourceTitle "EXT 2013"]
[Source "ChessBase"]
[SourceDate "2012.11.22"]
[SourceVersion "1"]
[SourceVersionDate "2012.11.22"]
[SourceQuality "1"]
[WhiteTeam "Porsgrunn"]
[BlackTeam "Oslo SS"]
[WhiteTeamCountry "NOR"]
[BlackTeamCountry "NOR"]

1. d4 Nf6 2. c4 g6 3. Nc3 Bg7 4. e4 0-0 5. Be3 Nc6 6. f3 e5 7. d5 Nd4 8. Nge2 c5 9. dxc6 dxc6 10. Nxd4 exd4 11. Bxd4 Nxe4 12. Bxg7 Qh4+ 13. g3 Nxg3 14. hxg3 Qxg3+ 15. Kd2 Rd8+ 16. Bd3 Bf5 17. Nd5 cxd5 18. Bf6 dxc4 19. Bxd8 Rxd8 20. Qf1 Rxd3+ 0-1

[Event "NOR-chT 1112"]
[Site "Norway"]
[Date "2012.03.24"]
[Round "8"]
[White "Trygstad, Kristian J"]
[Black "Gabrielsen, Stig"]
[Result "1/2-1/2"]
[WhiteElo "2298"]
[BlackElo "2330"]
[PlyCount "53"]
[EventDate "2011.11.04"]
[EventType "team-tourn"]
[EventRounds "9"]
[EventCountry "NOR"]
[SourceTitle "EXT 2013"]
[Source "ChessBase"]
[SourceDate "2012.11.22"]
[SourceVersion "1"]
[SourceVersionDate "2012.11.22"]
[SourceQuality "1"]
[WhiteTeam "Oslo SS"]
[BlackTeam "Bergens"]
[WhiteTeamCountry "NOR"]
[BlackTeamCountry "NOR"]

1. e4 d6 2. Nc3 g6 3. f4 Bg7 4. Nf3 Nf6 5. d4 0-0 6. Bd3 Nc6 7. e5 dxe5 8. fxe5 Nh5 9. Be3 Nb4 10. Bc4 c5 11. d5 Bg4 12. a3 Na6 13. Bxa6 bxa6 14. Bxc5 Bxe5 15. Bd4 Bxf3 16. gxf3 Bf4 17. 0-0 Re8 18. Re1 e6 19. Qe2 Qd7 20. Qxa6 exd5 21. Qb5 Red8 22. Qxd7 Rxd7 23. Re2 f6 24. Rae1 Kf7 25. Bc5 Be5 26. Rd2 Re8 27. Red1 1/2-1/2

[Event "NOR-chT 1112"]
[Site "Norway"]
[Date "2012.01.13"]
[Round "4"]
[White "Briseid, Hakon"]
[Black "Trygstad, Kristian J"]
[Result "1/2-1/2"]
[WhiteElo "2145"]
[BlackElo "2298"]
[PlyCount "42"]
[EventDate "2011.11.04"]
[EventType "team-tourn"]
[EventRounds "9"]
[EventCountry "NOR"]
[SourceTitle "EXT 2013"]
[Source "ChessBase"]
[SourceDate "2012.11.22"]
[SourceVersion "1"]
[SourceVersionDate "2012.11.22"]
[SourceQuality "1"]
[WhiteTeam "Oslo Akademisk"]
[BlackTeam "Oslo SS"]
[WhiteTeamCountry "NOR"]
[BlackTeamCountry "NOR"]

1. d4 f5 2. c4 e6 3. g3 Nf6 4. Bg2 Be7 5. Nf3 0-0 6. 0-0 d6 7. b3 Ne4 8. Bb2 Bf6 9. Nbd2 Nc6 10. Nxe4 fxe4 11. Ne1 d5 12. Nc2 Bd7 13. f3 exf3 14. Bxf3 Be8 15. e3 dxc4 16. bxc4 e5 17. d5 Na5 18. Qd3 b6 19. Bg4 Qd6 20. Ba3 c5 21. Bc1 Rd8 1/2-1/2

[Event "NOR-chT Clubs"]
[Site "Fagernes"]
[Date "2011.10.14"]
[Round "4"]
[White "Berg, Kurt Magnus"]
[Black "Trygstad, Kristian J"]
[Result "1/2-1/2"]
[WhiteElo "1806"]
[BlackElo "2323"]
[PlyCount "141"]
[EventDate "2011.10.14"]
[EventType "team-tourn"]
[EventRounds "6"]
[EventCountry "NOR"]
[SourceTitle "CBM 144 Extra"]
[Source "ChessBase"]
[SourceDate "2011.10.28"]
[SourceVersion "1"]
[SourceVersionDate "2011.10.28"]
[SourceQuality "1"]

1. e4 e6 2. d4 d5 3. Nc3 Nf6 4. Bg5 Bb4 5. e5 h6 6. Bd2 Bxc3 7. bxc3 Ne4 8. Qg4 g6 9. Bd3 Nxd2 10. Kxd2 c5 11. Nf3 c4 12. Be2 Nc6 13. h4 Qe7 14. Qf4 b5 15. Qf6 Rg8 16. Qxe7+ Kxe7 17. a3 Bd7 18. Nh2 f6 19. exf6+ Kxf6 20. Ng4+ Kg7 21. f4 Raf8 22. Raf1 Be8 23. Ne5 Ne7 24. Bg4 Kf6 25. Bf3 Nf5 26. Rh3 Ke7 27. g4 Nd6 28. Bg2 a5 29. Re3 h5 30. g5 Nf5 31. Rh3 Kd6 32. Re1 Rg7 33. Rhh1 Ra7 34. Rb1 Ra8 35. Rb2 Rb8 36. Rbb1 Rg8 37. Rh3 Rg7 38. Rhh1 Rgb7 39. Bf3 b4 40. axb4 axb4 41. Rxb4 Rxb4 42. cxb4 Nxd4 43. Kc3 Nc6 44. Nxc6 Bxc6 45. Rf1 Ra8 46. Kd4 Ra2 47. Rf2 Ba4 48. Kc3 Ra3+ 49. Kb2 Re3 50. c3 Re1 51. Rg2 Rf1 52. Bxh5 gxh5 53. g6 Be8 54. g7 Bf7 55. g8Q Bxg8 56. Rxg8 Rxf4 57. Rd8+ Kc7 58. Re8 Kd7 59. Ra8 Rxh4 60. b5 Re4 61. Ka3 Kc7 62. Kb4 Kb6 63. Ra6+ Kb7 64. Kc5 Rg4 65. Rxe6 h4 66. Re7+ Kb8 67. Rh7 d4 68. Rh8+ Kb7 69. Rh7+ Kb8 70. Rh8+ Kb7 71. Rh7+ 1/2-1/2

[Event "NOR-chT Clubs"]
[Site "Fagernes"]
[Date "2011.10.14"]
[Round "5"]
[White "Trygstad, Kristian J"]
[Black "Kvisvik, Brede Alexander"]
[Result "0-1"]
[WhiteElo "2323"]
[BlackElo "2234"]
[PlyCount "75"]
[EventDate "2011.10.14"]
[EventType "team-tourn"]
[EventRounds "6"]
[EventCountry "NOR"]
[SourceTitle "CBM 144 Extra"]
[Source "ChessBase"]
[SourceDate "2011.10.28"]
[SourceVersion "1"]
[SourceVersionDate "2011.10.28"]
[SourceQuality "1"]

1. f4 d5 2. Nf3 Bg4 3. e3 Nd7 4. h3 Bxf3 5. Qxf3 Ngf6 6. d4 h5 7. Bd3 e6 8. Nd2 c5 9. 0-0 Qb6 10. dxc5 Nxc5 11. Nb3 Nxd3 12. cxd3 a5 13. Qf2 a4 14. Nd4 Bd6 15. Bd2 Qa6 16. Qe2 0-0 17. Bc3 a3 18. bxa3 Bxa3 19. Rab1 Rfc8 20. Nb5 Be7 21. Rf2 h4 22. Be5 Ne8 23. Qg4 Rc5 24. Rfb2 Rac8 25. Qd1 Bf6 26. Kh2 g6 27. Qe2 Be7 28. Qd2 Ng7 29. Bd4 Nf5 30. Bxc5 Bxc5 31. d4 Bf8 32. Rc1 Ng3 33. Rcb1 Rc4 34. Rc2 Bb4 35. Qd3 Qxb5 36. a3 Qc6 37. Rbc1 Be7 38. Rxc4 0-1

[Event "EU-Cup 27th"]
[Site "Rogaska Slatina"]
[Date "2011.09.30"]
[Round "6"]
[White "Braun, Christian1111"]
[Black "Trygstad, Kristian J"]
[Result "1-0"]
[WhiteElo "2392"]
[BlackElo "2342"]
[PlyCount "91"]
[EventDate "2011.09.25"]
[EventType "team-swiss"]
[EventRounds "7"]
[EventCountry "SLO"]
[SourceTitle "CBM 145"]
[Source "ChessBase"]
[SourceDate "2011.11.11"]
[SourceVersion "1"]
[SourceVersionDate "2011.11.11"]
[SourceQuality "1"]
[WhiteTeam "Eynatten"]
[BlackTeam "Oslo Schakselskap"]
[WhiteTeamCountry "BEL"]
[BlackTeamCountry "NOR"]

1. e4 c5 2. Nf3 d6 3. d4 Nf6 4. Nc3 cxd4 5. Nxd4 g6 6. Be3 Bg7 7. Bc4 0-0 8. f3 Nc6 9. Qd2 Bd7 10. 0-0-0 Rb8 11. h4 Ne5 12. Bb3 b5 13. Bh6 Nc4 14. Qg5 e5 15. Nf5 Bxf5 16. exf5 Nh5 17. Bxg7 Kxg7 18. Nd5 h6 19. Qxd8 Rfxd8 20. fxg6 fxg6 21. Bxc4 bxc4 22. Rhe1 Nf6 23. Re3 Kf7 24. Ra3 Rd7 25. Ra6 Nxd5 26. Rxd5 Ke6 27. Rda5 Rbb7 28. Rc6 Rdc7 29. Rxc7 Rxc7 30. Kd2 Kf5 31. Ke3 h5 32. g3 Rb7 33. b3 cxb3 34. axb3 Rc7 35. Kd3 g5 36. hxg5 Kxg5 37. Ra6 Rd7 38. Ke4 h4 39. gxh4+ Kxh4 40. Kd5 Kg3 41. Rxd6 Rc7 42. c4 Rb7 43. Kxe5 Rxb3 44. c5 Kxf3 45. c6 Rc3 46. Ke6 1-0

[Event "EU-Cup 27th"]
[Site "Rogaska Slatina"]
[Date "2011.09.27"]
[Round "3"]
[White "Trygstad, Kristian J"]
[Black "Gupta, Milon"]
[Result "0-1"]
[WhiteElo "2342"]
[BlackElo "2270"]
[PlyCount "110"]
[EventDate "2011.09.25"]
[EventType "team-swiss"]
[EventRounds "7"]
[EventCountry "SLO"]
[SourceTitle "CBM 145"]
[Source "ChessBase"]
[SourceDate "2011.11.11"]
[SourceVersion "1"]
[SourceVersionDate "2011.11.11"]
[SourceQuality "1"]
[WhiteTeam "Oslo Schakselskap"]
[BlackTeam "Solingen SG"]
[WhiteTeamCountry "NOR"]
[BlackTeamCountry "GER"]

1. e4 d6 2. d4 Nf6 3. Nc3 g6 4. h3 c6 5. Be3 Nbd7 6. a4 Qa5 7. Bd3 e5 8. Nf3 Bg7 9. 0-0 0-0 10. Qd2 Re8 11. Rfe1 Nf8 12. dxe5 dxe5 13. Nd5 Qxd2 14. Nxf6+ Bxf6 15. Nxd2 Be6 16. Red1 Bd8 17. Nc4 Bc7 18. Be2 Red8 19. Rxd8 Rxd8 20. Bxa7 Bxc4 21. Bxc4 b6 22. a5 Ra8 23. axb6 Bxb6 24. Ra6 Bxa7 25. Rxc6 Bd4 26. b4 Ra1+ 27. Kh2 Bxf2 28. b5 Nd7 29. Bd5 Ra7 30. g3 Kg7 31. Kg2 Bb6 32. Rd6 Rc7 33. c4 Bc5 34. Ra6 Nb6 35. Kf3 Bd4 36. Bc6 Nxc4 37. Ra4 Nb6 38. Ra2 h5 39. g4 hxg4+ 40. hxg4 Kf6 41. Ra3 Kg5 42. Ra2 f6 43. Kg3 Rh7 44. Be8 Rh4 45. Bxg6 Rxg4+ 46. Kh3 Rg1 47. Bf5 Nc4 48. Kh2 Nd6 49. Bh7 Nxb5 50. Rd2 Rg4 51. Bf5 Rh4+ 52. Kg3 Nd6 53. Rg2 Nxf5+ 54. Kf3+ Kh5 55. exf5 Rf4+ 0-1

[Event "Rethymno op 3rd"]
[Site "Rethymno"]
[Date "2011.07.12"]
[Round "2"]
[White "Balokas, Dimitrios"]
[Black "Trygstad, Kristian J"]
[Result "1/2-1/2"]
[WhiteElo "2060"]
[BlackElo "2353"]
[PlyCount "39"]
[EventDate "2011.07.11"]
[EventType "swiss"]
[EventRounds "9"]
[EventCountry "GRE"]
[SourceTitle "CBM 143 Extra"]
[Source "ChessBase"]
[SourceDate "2011.08.29"]
[SourceVersion "1"]
[SourceVersionDate "2011.08.29"]
[SourceQuality "1"]

1. d4 f5 2. e4 fxe4 3. Nc3 Nf6 4. Bg5 c6 5. f3 Qa5 6. Qd2 e3 7. Bxe3 e6 8. Ne4 Qxd2+ 9. Bxd2 b6 10. 0-0-0 Be7 11. Nh3 0-0 12. Bd3 Ba6 13. Nxf6+ Bxf6 14. Bg5 Bxd3 15. Rxd3 Na6 16. Bxf6 Rxf6 17. a3 Nc7 18. Nf2 Nd5 19. Ng4 Rff8 20. g3 1/2-1/2

[Event "NOR-chT Clubs"]
[Site "Drammen"]
[Date "2010.10.09"]
[Round "4"]
[White "Trygstad, Kristian J"]
[Black "Ekeberg, Carl Fredrik"]
[Result "1-0"]
[WhiteElo "2295"]
[BlackElo "2252"]
[PlyCount "133"]
[EventDate "2010.10.08"]
[EventType "team"]
[EventRounds "6"]
[EventCountry "NOR"]
[SourceTitle "EXT 2015"]
[Source "ChessBase"]
[SourceDate "2014.11.20"]
[SourceVersion "1"]
[SourceVersionDate "2014.11.20"]
[SourceQuality "1"]
[WhiteTeam "OSS"]
[BlackTeam "Asker"]
[WhiteTeamCountry "NOR"]
[BlackTeamCountry "NOR"]

1. e4 c5 2. Nc3 Nc6 3. f4 g6 4. Nf3 Bg7 5. a3 d6 6. Be2 a6 7. 0-0 e6 8. Rb1 Nge7 9. b4 b6 10. bxc5 bxc5 11. Bb2 0-0 12. Na4 Nd4 13. Bxd4 cxd4 14. Nb6 Rb8 15. Nxc8 Qxc8 16. Rxb8 Qxb8 17. Bxa6 Qa7 18. Bd3 Qxa3 19. f5 Qc5 20. fxe6 fxe6 21. Qe1 h6 22. Qh4 g5 23. Qg4 Qc8 24. h4 e5 25. Qxc8 Rxc8 26. hxg5 hxg5 27. Nxg5 Bh6 28. Nf3 Kg7 29. Kf2 Ng6 30. g3 Kf6 31. Rh1 Bf8 32. Rh7 Be7 33. g4 Ke6 34. g5 Rh8 35. Bc4+ Kd7 36. Rxh8 Nxh8 37. Kg3 Ng6 38. Kg4 Nf4 39. Kf5 Ke8 40. g6 Kf8 41. Nxd4 exd4 42. Kxf4 Bf6 43. Kf5 Ke7 44. Bd5 Be5 45. Kg4 Kd7 46. Kf3 Kc7 47. Ke2 Kb6 48. Kd3 Kc5 49. c3 dxc3 50. dxc3 Kb5 51. Ke3 Kb6 52. c4 Kc7 53. Kf3 Kd7 54. Kg4 Ke7 55. Kf5 Bg7 56. Bc6 Bh8 57. Ba4 Bg7 58. Bb3 Bh8 59. e5 dxe5 60. c5 Kd7 61. Ba4+ Ke7 62. Ke4 Kd8 63. Kd5 Kc7 64. Bc2 Kd7 65. Bf5+ Kc7 66. Be4 Kd7 67. c6+ 1-0

[Event "Oslo Sjakkhuset"]
[Site "Oslo"]
[Date "2010.09.06"]
[Round "6"]
[White "Byklum, Bjornar"]
[Black "Trygstad, Kristian J"]
[Result "0-1"]
[WhiteElo "2293"]
[BlackElo "2297"]
[PlyCount "92"]
[EventDate "2010.09.06"]
[EventType "tourn"]
[EventRounds "7"]
[EventCountry "NOR"]
[EventCategory "4"]
[SourceTitle "EXT 2012"]
[Source "ChessBase"]
[SourceDate "2011.11.24"]
[SourceVersion "1"]
[SourceVersionDate "2011.11.24"]
[SourceQuality "1"]

1. d4 f5 2. g3 e6 3. Bg2 Nf6 4. Nh3 Be7 5. 0-0 0-0 6. c4 d6 7. Nc3 e5 8. dxe5 dxe5 9. Qxd8 Bxd8 10. b3 c6 11. Ba3 Re8 12. Rfd1 Na6 13. Na4 h6 14. f3 b5 15. cxb5 cxb5 16. Nc5 b4 17. Nxa6 Bb6+ 18. Kf1 bxa3 19. Nb4 Bb7 20. Nf2 a5 21. Nc2 Nd5 22. Rd3 Rac8 23. Nxa3 Ne3+ 24. Rxe3 Bxe3 25. Nc4 Bd4 26. Rd1 Red8 27. Bh3 g6 28. Nd3 Ba6 29. Ndxe5 Bxe5 30. Rxd8+ Rxd8 31. Nxe5 Rd2 32. Nxg6 Rxe2 33. Nf4 Rxa2+ 34. Ke1 Bc8 35. Ne2 Kf7 36. Kd1 Kf6 37. f4 Rb2 38. Nd4 Rxh2 39. Bf1 Rh1 40. Ke1 Ba6 41. Ne2 Ke6 42. Kf2 Rh2+ 43. Ke3 Bxe2 44. Bxe2 Kd5 45. Bc4+ Kc5 46. Kf3 a4 0-1

[Event "Oslo Sjakkhuset"]
[Site "Oslo"]
[Date "2010.09.06"]
[Round "4"]
[White "Harestad, Hans Krogh"]
[Black "Trygstad, Kristian J"]
[Result "1/2-1/2"]
[WhiteElo "2249"]
[BlackElo "2297"]
[PlyCount "60"]
[EventDate "2010.09.06"]
[EventType "tourn"]
[EventRounds "7"]
[EventCountry "NOR"]
[EventCategory "4"]
[SourceTitle "EXT 2012"]
[Source "ChessBase"]
[SourceDate "2011.11.24"]
[SourceVersion "1"]
[SourceVersionDate "2011.11.24"]
[SourceQuality "1"]

1. d4 Nf6 2. c4 g6 3. Nf3 Bg7 4. g3 0-0 5. Bg2 d6 6. 0-0 Nbd7 7. Nc3 e5 8. e4 exd4 9. Nxd4 Re8 10. h3 a6 11. Be3 Rb8 12. b3 c5 13. Nde2 Qe7 14. a4 b6 15. Ra2 Bb7 16. Bf4 Ne5 17. g4 h5 18. g5 Nh7 19. Nd5 Bxd5 20. cxd5 f6 21. gxf6 Qxf6 22. Bc1 Nf3+ 23. Kh1 Nh4 24. f3 Rb7 25. Nf4 Bh6 26. Ne6 Bxc1 27. Qxc1 Nf8 28. Ng5 Nh7 29. Ne6 Nf8 30. Ng5 Nh7 1/2-1/2

[Event "Oslo Sjakkhuset"]
[Site "Oslo"]
[Date "2010.09.06"]
[Round "1"]
[White "Trygstad, Kristian J"]
[Black "Hole, Oystein"]
[Result "1/2-1/2"]
[WhiteElo "2297"]
[BlackElo "2382"]
[PlyCount "76"]
[EventDate "2010.09.06"]
[EventType "tourn"]
[EventRounds "7"]
[EventCountry "NOR"]
[EventCategory "4"]
[SourceTitle "EXT 2012"]
[Source "ChessBase"]
[SourceDate "2011.11.24"]
[SourceVersion "1"]
[SourceVersionDate "2011.11.24"]
[SourceQuality "1"]

1. e4 c6 2. d4 d5 3. e5 Bf5 4. h4 h5 5. c4 e6 6. Nc3 Ne7 7. Nge2 Nd7 8. cxd5 Nxd5 9. Nxd5 cxd5 10. Nf4 g6 11. Bd3 Bxd3 12. Qxd3 Rg8 13. Bd2 Be7 14. g3 Qb6 15. 0-0 Nb8 16. Rfc1 Nc6 17. Ne2 Rh8 18. Rab1 Kf8 19. b4 Kg7 20. a3 Rhc8 21. Kg2 a6 22. Rc3 Na7 23. Rbc1 Rxc3 24. Rxc3 Rc8 25. Rxc8 Nxc8 26. Qf3 Qd8 27. Kh3 Nb6 28. g4 Bxh4 29. gxh5 Bg5 30. Bxg5 Qxg5 31. hxg6 Qxg6 32. Ng3 Nc4 33. Nh5+ Kf8 34. a4 Nd2 35. Qe2 Ne4 36. Ng3 Nxg3 37. fxg3 Qb1 38. Qd2 Qh1+ 1/2-1/2

[Event "Leros Artemis Cup 2nd"]
[Site "Leros"]
[Date "2010.07.20"]
[Round "9"]
[White "Seretakis, Nikolas"]
[Black "Trygstad, Kristian J"]
[Result "1/2-1/2"]
[WhiteElo "2204"]
[BlackElo "2301"]
[PlyCount "31"]
[EventDate "2010.07.13"]
[EventType "swiss"]
[EventRounds "9"]
[EventCountry "GRE"]
[SourceTitle "CBM 137 Extra"]
[Source "ChessBase"]
[SourceDate "2010.09.01"]
[SourceVersion "1"]
[SourceVersionDate "2010.09.01"]
[SourceQuality "1"]

1. e4 c5 2. d4 cxd4 3. Nf3 e6 4. Nxd4 a6 5. Nc3 Qc7 6. g3 Nc6 7. Bg2 Nf6 8. 0-0 Bc5 9. Bf4 Ne5 10. Nb3 Ba7 11. Qe2 d6 12. Rad1 h6 13. Kh1 Bd7 14. Bc1 Rc8 15. f4 Nc4 16. Nd4 1/2-1/2